000 00836nam a2200265Ia 4500
003 OSt
005 20220930080050.0
006 a|||||r|||| 00| 0
007 ta
008 220926b |||||||| |||| 00| 0 hin d
024 _a85061
037 _cTheses
040 _aCRL
_cCRL
_bhin
041 _2hin
_ahin
100 _aSharma Sarita
_9389669
110 _aUniversity of Delhi. Faculty of Arts. Department of Sanskrit
245 0 _aKeralodya mahakavya ka sahitya shastriya awam etihasik adhyayan
260 _aDelhi
_bUniversity of Delhi India
_c2005
300 _a428p.
_ap.
_ccm.
650 _aSANSKRIT
700 _a Prof. Devender Mishra Gu.
_9537388
700 _aUniversity of Delhi. Faculty of Arts. Department of Sanskrit
942 _cDIS
_2CC
999 _c869235
_d869235